• 首页
  • 本馆介绍
  • 公告通知
  • 最新文献
  • 馆藏检索
  • 电子资源
  • 读者导购
  • 参考咨询
  • 我的图书馆
  • 登录
  • 详细信息显示
  • 放入我的书架
  • 预约/预借图书
  • 作者相关作品
  • 分类相关作品
  • 丛书相关作品
  • 出版社相关作品

书目信息

  • 表格格式
  • 工作单格式
  • 卡片格式
题名:
旅游资源开发
    
 
作者: 马耀峰 , 宋保平 , 赵振斌 编著
分册:  
出版信息: 北京   科学出版社  2005
页数: 406页
开本: 24cm
丛书名:
单 册:
中图分类: F590.3
科图分类:
主题词: 旅游资源--资源开发--高等教育--教材 , 旅游资源 , 资源开发
电子资源:
ISBN: 7-03-013899-6
000 01118nam0 2200301 450
001 002810629
005 20050316140256.0
010    @a7-03-013899-6@dCNY34.00
035    @a002810629
100    @a20050302e20072005em y0chiy0110 ea
101 0  @achi
102    @aCN@b110000
105    @ay z 000yy
106    @ar
200 1  @a旅游资源开发@Alv you zi yuan kai fa@f马耀峰,宋保平,赵振斌编著@Fma yao feng, song bao ping, zhao zhen bin bian zhu
210    @a北京@c科学出版社@d2005@h2007重印
215    @a406页@d24cm
300    @a普通高等教育“十五”国家级规划教材 教育部人文社会科学重大研究基地重大项目(2000ZDXM770013)
330    @a本书阐述了自然类旅游资源、人文类旅游资源和旅游资源开发,强化了对旅游资源的认识和旅游资源的开发模式,突出了自然景观类型的多样性和人文文化、民俗风情的多元化。
606 0  @a旅游资源@x资源开发@x高等教育@j教材
606 0  @a旅游资源
606 0  @a资源开发
690    @aF590.3@v4
701  0 @a马耀峰@Ama yao feng@4编著
701  0 @a宋保平@Asong bao ping@4编著
701  0 @a赵振斌@Azhao zhen bin@4编著
801  0 @aCN@bNLC@c20050317
905    @dF590.3@e137 @f5
    
    旅游资源开发/马耀峰,宋保平,赵振斌编著.-北京:科学出版社,2005(2007重印)
    406页;24cm
    普通高等教育“十五”国家级规划教材 教育部人文社会科学重大研究基地重大项目(2000ZDXM770013)
    
    ISBN 7-03-013899-6:CNY34.00
    本书阐述了自然类旅游资源、人文类旅游资源和旅游资源开发,强化了对旅游资源的认识和旅游资源的开发模式,突出了自然景观类型的多样性和人文文化、民俗风情的多元化。
●
相关链接 在E读中查询图书 在五车中查询图书 在当当中查询图书 在豆瓣中查询图书


正题名:旅游资源开发     索取号:F590.3/137         预约/预借

序号 登录号 条形码 馆藏地/架位号 状态 备注
1 0522588   205225889   第一样本阅览室/ [索取号:F590.3/137] 在馆    
2 0522589   205225898   第一借阅区/ [索取号:F590.3/137] 在馆    
3 0522590   205225905   密集书库/ [索取号:F590.3/137] 在馆    
4 0522591   205225914   密集书库/ [索取号:F590.3/137] 在馆    
5 0522592   205225923   第一借阅区/ [索取号:F590.3/137] 在馆    
6 0522593   205225932   密集书库/ [索取号:F590.3/137] 在馆    
7 0522594   205225941   第一借阅区/ [索取号:F590.3/137] 在馆    
8 0522595   205225950   第一借阅区/ [索取号:F590.3/137] 在馆    
9 0852583   208525835   第一借阅区/ [索取号:F590.3/137] 在馆    
10 0852584   208525844   密集书库/ [索取号:F590.3/137] 在馆    
11 0852585   208525853   密集书库/ [索取号:F590.3/137] 在馆    
12 0852586   208525862   密集书库/ [索取号:F590.3/137] 在馆    
13 0852587   208525871   密集书库/ [索取号:F590.3/137] 在馆    
唐山师范学院图书馆 欢迎您!
大连网信软件有限公司© 版权所有